000 00293nam a22001337a 4500
008 170601b xxu||||| |||| 00| 0 eng d
020 _a0130623326
041 _aeng
080 _23RD
_a94
100 _a17
101 _aSHH
245 _aA BASIC HISTORY OF ART
_cJANSON,H.W
942 _2udc
_cBK
999 _c15340
_d15340